| 000 | 00758nam a2200241Ia 4500 | ||
|---|---|---|---|
| 003 | GCL | ||
| 008 | 140319s9999 xx 000 0 ara d | ||
| 020 | _a*792469960 | ||
| 040 |
_aGCL / _cGCL |
||
| 082 | 0 | 4 |
_a252 _bم ف |
| 100 | 1 | _aمحمد بن صالح بن عثيمينى | |
| 245 | 1 | 0 |
_aفتاوى اركان الاسلام / _cمحمد بن صالح بن عثيمينى |
| 250 | _aالاولى | ||
| 260 |
_aالرياض : _bدار الثريا للنشر والتوزيع |
||
| 300 |
_a616 ص ؛ _c25 سم |
||
| 650 | 0 | 4 | _aالصلاة |
| 650 | 0 | 4 | _aالفتاوى الشرعية |
| 650 | 0 | 4 | _aالعبادات |
| 650 | 0 | 4 | _aالطهارة |
| 650 | 0 | 4 | _aاركان الاسلام |
| 650 | 0 | 4 | _aالفقة الحنبلى |
| 942 |
_2ddc _cBK |
||
| 999 |
_c6931 _d6931 |
||